Sports Quiz

Random Sports or Rugby Quiz

Rugby World Cup Winners Quiz Stats

 Plays Quiz Updated Nov 1, 2015

Score 0/8 Timer 02:00
66 Plays Today
Year Winner % Correct
1987New Zealand
96.8%
1991Australia
93.5%
2011New Zealand
91.5%
2003England
90.9%
1999 Australia
90.7%
1995South Africa
90.6%
2015New Zealand
90.4%
2007South Africa
88%

You're not logged in!

Compare scores with friends on all Sporcle quizzes.
OR
Log In

Sporcle TV

Today on Sporcle TV


Watch our educational content, quiz creation guides, and fun videos on Sporcle TV.

Show Comments

Extras

Top Quizzes Today


Score Distribution

Your Account Isn't Verified!

In order to create a playlist on Sporcle, you need to verify the email address you used during registration. Go to your Sporcle Settings to finish the process.

Report this User

Report this user for behavior that violates our Community Guidelines.

Details: